Multilingual dictionary of fish and fish products

Gespeichert in:
Bibliographische Detailangaben
Format: Buch
Sprache:Mehrsprachig
Veröffentlicht: Paris OECD 2008
Ausgabe:5th ed.
Schlagworte:
Tags: Tag hinzufügen
Keine Tags, Fügen Sie das erste Tag hinzu!

MARC

LEADER 00000nam$a2200000$$$4500
001 0092856
005 20221207101212.0
020 |a 978-92-64-03989-6 
041 0 |a mul 
044 |a FR 
245 1 0 |a Multilingual dictionary of fish and fish products 
250 |a 5th ed. 
264 1 |a Paris  |b OECD  |c 2008 
300 |a 360 s. 
610 2 0 |a jazyky cudzie 
610 2 0 |a pojmy 
610 2 0 |a potraviny 
610 2 0 |a rybárstvo 
610 2 0 |a produkty 
610 2 0 |a terminológia 
610 2 0 |a jazykoveda